|
|
|
|
| LEADER |
01033nam a22002657a 4500 |
| 001 |
17636 |
| 003 |
BD-DhAAL |
| 005 |
20140508130944.0 |
| 008 |
140508s2000 nyua b 000 0 eng d |
| 020 |
|
|
|a 0970687508
|
| 082 |
|
|
|2 23
|a 305.42094
|
| 245 |
0 |
0 |
|a Women’s voices and the new European Order /
|c edited by Nadezhda Azhgikhina & Meredith Tax.
|
| 260 |
|
|
|a New York :
|b Women’s WORLD,
|c c2000
|
| 300 |
|
|
|a 124 p. :
|b ill. ;
|c 22 cm.
|
| 490 |
|
|
|a The power of the word ;
|v 2
|
| 504 |
|
|
|a Includes bibliographical references.
|
| 541 |
|
|
|e 17636
|
| 610 |
2 |
0 |
|a Women’s WORLD.
|9 4470
|
| 650 |
|
0 |
|a Women
|x Social conditions.
|z Europe
|9 4471
|
| 650 |
|
0 |
|a Censorship
|z Europe.
|9 4472
|
| 700 |
1 |
|
|a Azhgikhina, N. I.
|q (Nadezhda Ilʹinichna)
|9 4473
|
| 700 |
1 |
|
|a Tax, Meredith.
|9 4474
|
| 942 |
|
|
|2 ddc
|c BK
|
| 999 |
|
|
|c 14336
|d 14336
|
| 952 |
|
|
|0 0
|1 0
|2 ddc
|4 0
|6 305_420940000000000_WOM
|7 0
|9 24307
|a BRACUL
|b BRACUL
|c GEN
|d 2014-05-08
|l 0
|o 305.42094 WOM
|p 3010017636
|r 2014-05-08
|t 1
|w 2014-05-08
|y BK
|x Transferred from ENH to Ayesha Abed library on 20/12/2023
|